Statistics for 15 Largest Cities In The United States In 1790

Click here to take the quiz!

General Stats

  • This quiz has been taken 23 times
  • The average score is 8 of 15

Answer Stats

PopulationCity% Correct
18,320Boston
100%
33,131New York
100%
28,522Philadelphia
100%
13,503Baltimore
85%
6,380Providence
85%
16,359Charleston
70%
7,921Salem
55%
4,720Portsmouth
35%
6,716Newport
30%
9,913Northern Liberties
30%
5,661Marblehead
20%
11,942Norwalk
20%
5,661Southwark
15%
5,317Gloucester
10%
4,837Newburyport
10%

Score Distribution

Percentile by Number Answered

Percent of People with Each Score

Your Score History

You have not taken this quiz